| 000 | 00541cam a22001937a 4500 | ||
|---|---|---|---|
| 001 | 001238 | ||
| 003 | armpunfd | ||
| 005 | 20140612090635.0 | ||
| 008 | 030318e0####xx#a##########000#0#und#d | ||
| 040 |
_aarmpunfd _carmpunfd |
||
| 080 | _a340.11 (7/8) K 873 | ||
| 100 | 1 | 0 | _a Kunz, Josef L. |
| 245 | 1 | 0 | _aLa filosofia del derecho latinoamericano en el siglo xx |
| 260 |
_a Uenos Aires : Losada _b1951. |
||
| 650 | 7 |
_a Filosofia Del Derecho _2LEMB |
|
| 650 | 7 |
_a Latinoamerica _2LEMB |
|
| 942 |
_cLB _2cdu |
||
| 945 |
_aCatalis _d2010-08-19 |
||
| 999 |
_c1229 _d231733 |
||